00405cam a2200157ua 45000010005000000080039000050400009000440820011000531000029000642450049000932500009001422600034001513000017001856530014002026530031002161978110811n ii |||gr||||Z||||||eng cMAIN a370.34 aAltekar, A. S.,eAuthor.1 aEducation in ancient indiacby A. S. Altekar a1st. aVaranasi:bAnd kishor & bros. a344p:c23cm. aEducation aEducation in ancient india